01079nam a2200193Ia 4500001001100000003001000011008004100021040002500062041001300087100001700100245002300117250001100140260005900151300001200210500026800222501011400490520026800604650001300872L330-23895IT-CnALBA170116s9999||||xx |||||||||||||| ||und|| aIT-CnALBAcIT-CnALBA aITALIANO aPAVAN PIETRO 0aL'ORDINE SOCIALE.  a1a ed. a TORINO - ROMAbMARIETTI EDITORE c1959 [1° Ed.:1959] a455 p.  aATTIVITÀ ECONOMICA: ASPETTO PSICOLOGICO, MORALE, RELIGIOSO, SOCIALE, GIURIDICO, PRODUTTIVISTICO. RETRIBUZIONE DEL LAVORO. LEGGI ECONOMICHE. DIRITTO DI PROPRIETÀ. SOLIDARIETÀ E COLLABORAZIONE. REGIME SALARIALE. CONTRATTO DI SOCIETÀ. INTERVENTI DELLO STATO. aSocietà San Paolo EM - Piazza San Paolo, 14 - 12051 ALBA (CN) (non commercial uses only) ® Copyright 2017 aATTIVITÀ ECONOMICA: ASPETTO PSICOLOGICO, MORALE, RELIGIOSO, SOCIALE, GIURIDICO, PRODUTTIVISTICO. RETRIBUZIONE DEL LAVORO. LEGGI ECONOMICHE. DIRITTO DI PROPRIETÀ. SOLIDARIETÀ E COLLABORAZIONE. REGIME SALARIALE. CONTRATTO DI SOCIETÀ. INTERVENTI DELLO STATO. aECONOMIA